Relecturas de los Hechos de los Apóstoles

Saved in:
Bibliografiske detaljer
Main Authors: Flichy, Odile (Author), Berder, Michel (Author), Léonard, Philippe (Author), Billon, G (Author), Tassin, Claude (Author), Blanchard, Yves-Marie (Author)
Format: Bog
Sprog:spansk
Udgivet: Pamplona Verbo Divino 2006
Serier:Cuadernos Bíblicos, 128
Fag:
Tags: Tilføj Tag
Ingen Tags, Vær først til at tagge denne postø!

MARC

LEADER 00000cam a2200000 a 4500
001 UCH8811
003 CL-VaPUC
008 091211e20060000SP |||||||||||||||||spa|d
020 |a 8481690236 
082 0 4 |a 227.1  |b FLI  |2 21 
100 0 |a Flichy, Odile  |e author  |9 545473 
700 0 |a Berder, Michel  |e author  |9 545474 
700 |a Léonard, Philippe  |e author  |9 545493 
700 0 |a Billon, G  |e author  |9 545476 
700 0 |a Tassin, Claude  |e author  |9 545477 
700 0 |a Blanchard, Yves-Marie  |e author  |9 545478 
245 1 0 |a Relecturas de los Hechos de los Apóstoles 
300 |a 64 p 
942 |c BK 
945 |d 20091211 00:00:00  |a dcastane 
260 |a Pamplona  |b Verbo Divino  |c 2006 
650 0 |a Biblia  |9 257603 
650 0 |a Nuevo testamento  |9 257604 
650 0 |a Hechos de los apóstoles  |9 483141 
650 7 |a HISTORIA DE LA INTERPRETACION  |2 CL-VaPUC  |9 545479 
650 7 |a Hch 1,1; Hch 2, 4-13; Hch 13, 13-52; Hch 7, 1-53  |2 CL-VaPUC  |9 545480 
583 |a last modification  |c 20160705 11:55:40  |k Rodrigo Vera 
490 0 |a Cuadernos Bíblicos, 128 
999 |c 338918  |d 338916 
952 |0 0  |1 0  |4 0  |6 227_100000000000000_FLI_2006  |7 0  |8 A  |9 432209  |a BIBTEO  |b BIBTEO  |d 2019-11-22  |i 4623363  |o 227.1 FLI 2006  |p 4623363  |r 2025-01-17  |w 2019-11-22  |y BK  |k ICR 
952 |0 0  |1 0  |3 erb  |4 0  |6 227_100000000000000_FLI_2006  |7 0  |8 A  |9 432210  |a BIBTEO  |b BIBTEO  |i 5295904  |o 227.1 FLI 2006  |p 5295904  |r 2025-01-17  |w 2019-11-22  |y BK  |z Catalogado en:20160708  |k ICR